[Event "Subotica-ch"]
[Site "Subotica"]
[Date "2010.02.24"]
[Round "4"]
[White "Jancikin, Svetozar"]
[Black "Stantic, Dragan"]
[Result "1-0"]
[WhiteElo "2111"]
[BlackElo "1955"]
[PlyCount "98"]
[EventDate "2010.02.17"]
[EventType "swiss"]
[EventRounds "9"]
[EventCountry "SRB"]
[SourceTitle "EXT 2019"]
[Source "ChessBase"]
[SourceDate "2018.10.10"]
[SourceVersion "1"]
[SourceVersionDate "2018.10.10"]
[SourceQuality "1"]

1. e4 e6 2. d4 d5 3. e5 c5 4. dxc5 Nc6 5. Nf3 Bxc5 6. Bd3 Nge7 7. Bf4 Qb6 8. 0-0 Qxb2 9. Nbd2 Qb6 10. Ng5 Ng6 11. Qh5 Ncxe5 12. Bxe5 Nxe5 13. Rae1 g6 14. Qh6 Bf8 15. Qh3 Nxd3 16. Qxd3 Be7 17. Ngf3 Qd8 18. c4 dxc4 19. Qxc4 0-0 20. Ne4 Bd7 21. Rd1 Qc8 22. Qd4 Bc6 23. Ne5 Rd8 24. Nxc6 Qxc6 25. Nf6+ Bxf6 26. Qxf6 Rxd1 27. Rxd1 Qc7 28. h4 Re8 29. h5 Qe7 30. Qd4 b6 31. Rd3 e5 32. Qa4 a5 33. Qc6 Rd8 34. Rh3 Qd6 35. Qb7 Qb8 36. Qe7 e4 37. g3 Re8 38. Qg5 Qe5 39. Qh6 e3 40. f4 Qg7 41. Qxg7+ Kxg7 42. Kf1 Re4 43. h6+ Kf6 44. Rh2 g5 45. Rb2 Re6 46. Rb5 gxf4 47. gxf4 Kg6 48. f5+ Kxh6 49. fxe6 fxe6 1-0

[Event "Subotica-ch"]
[Site "Subotica"]
[Date "2008.02.22"]
[Round "3"]
[White "Igaz, Ervin"]
[Black "Stantic, Dragan"]
[Result "1-0"]
[WhiteElo "2091"]
[BlackElo "1958"]
[PlyCount "53"]
[EventDate "2008.02.18"]
[EventType "swiss"]
[EventRounds "9"]
[EventCountry "YUG"]
[SourceTitle "CBM 123 Extra"]
[Source "ChessBase"]
[SourceDate "2008.05.06"]
[SourceVersion "1"]
[SourceVersionDate "2008.05.06"]
[SourceQuality "1"]

1. e4 e6 2. Qe2 c5 3. f4 Nc6 4. c3 d5 5. d3 Nf6 6. Nf3 b5 7. g3 b4 8. Bg2 Be7 9. e5 Nd7 10. Be3 a5 11. c4 dxc4 12. dxc4 Bb7 13. Nbd2 0-0 14. 0-0 Qc7 15. Ne4 a4 16. Rfd1 Na5 17. Nd6 Ba6 18. Ng5 Bxg5 19. fxg5 Rad8 20. Bf4 Nb6 21. Qh5 Nbxc4 22. Ne4 Rxd1+ 23. Rxd1 Rd8 24. Re1 Qe7 25. Nf6+ gxf6 26. gxf6 Qc7 27. Qh6 1-0

[Event "Subotica-ch op "]
[Site "Subotica"]
[Date "2007.02.28"]
[Round "5"]
[White "Lanji, Laslo"]
[Black "Stantic, Dragan"]
[Result "0-1"]
[WhiteElo "1934"]
[BlackElo "1934"]
[PlyCount "85"]
[EventDate "2007.02.19"]
[EventType "swiss"]
[EventRounds "9"]
[EventCountry "YUG"]
[SourceTitle "EXT 2008"]
[Source "ChessBase"]
[SourceDate "2007.11.25"]
[SourceVersion "1"]
[SourceVersionDate "2007.11.25"]
[SourceQuality "1"]

1. d4 e6 2. c4 b6 3. Nf3 f5 4. e3 Nf6 5. Be2 Bb4+ 6. Bd2 Qe7 7. Qb3 Bxd2+ 8. Nbxd2 Bb7 9. 0-0 0-0 10. Ne5 Ne4 11. Qc2 d6 12. Nef3 Nd7 13. Ne1 Qg5 14. Bf3 Nxd2 15. Qxd2 Be4 16. Bxe4 fxe4 17. f4 Qh5 18. Rf2 d5 19. cxd5 exd5 20. Qd1 Qh6 21. Rc1 c6 22. Nc2 a5 23. Qd2 Rad8 24. b3 Rf5 25. Qe2 Rh5 26. g4 Rh4 27. g5 Qg6 28. Rg2 Qf5 29. Ne1 c5 30. Nc2 Nf8 31. a3 Ne6 32. Rd1 Rd6 33. Kh1 Rh3 34. Rg3 Rxg3 35. hxg3 Qh3+ 36. Qh2 Qg4 37. Rd2 h6 38. gxh6 Nxd4 39. hxg7 Kxg7 40. Qf2 Rh6+ 41. Kg1 Nf3+ 42. Kf1 Nxd2+ 43. Qxd2 0-1

[Event "Subotica-ch op "]
[Site "Subotica"]
[Date "2007.02.23"]
[Round "3"]
[White "Bosnjak, Slobodan"]
[Black "Stantic, Dragan"]
[Result "1-0"]
[WhiteElo "2014"]
[BlackElo "1934"]
[PlyCount "108"]
[EventDate "2007.02.19"]
[EventType "swiss"]
[EventRounds "9"]
[EventCountry "YUG"]
[SourceTitle "EXT 2008"]
[Source "ChessBase"]
[SourceDate "2007.11.25"]
[SourceVersion "1"]
[SourceVersionDate "2007.11.25"]
[SourceQuality "1"]

1. e4 e5 2. Nf3 Nc6 3. Bb5 a6 4. Ba4 b5 5. Bb3 Nf6 6. d3 d6 7. Bg5 Be7 8. Nc3 Na5 9. Qd2 Nxb3 10. axb3 Bb7 11. 0-0 0-0 12. Nh4 Ng4 13. Bxe7 Qxe7 14. Nf5 Qe6 15. h3 Nf6 16. Qg5 Ne8 17. f4 b4 18. Ne2 Qf6 19. Qg3 Bc8 20. fxe5 dxe5 21. Nfd4 Qb6 22. Qxe5 c5 23. Nf3 c4+ 24. d4 cxb3 25. cxb3 Bb7 26. Kh1 Nf6 27. Rac1 Nxe4 28. Qc7 Qxc7 29. Rxc7 Bd5 30. Rc2 Rfc8 31. Rxc8+ Rxc8 32. Ra1 Ra8 33. Ne5 Bxb3 34. Nf4 Bc2 35. Nc6 b3 36. d5 Nd6 37. Nb4 Nc4 38. Nxc2 bxc2 39. Rc1 Ne3 40. Kg1 g5 41. Nd3 f5 42. Nb4 Kf7 43. Kf2 f4 44. g3 Rb8 45. Nd3 Nd1+ 46. Kf3 Rb3 47. Ke4 Nxb2 48. Ne5+ Ke8 49. gxf4 Rb4+ 50. Kf5 Rxf4+ 51. Ke6 Re4 52. Rxc2 Kd8 53. Rxb2 h5 54. d6 Rxe5+ 1-0

[Event "Subotica-ch op "]
[Site "Subotica"]
[Date "2007.02.21"]
[Round "2"]
[White "Stantic, Dragan"]
[Black "Cabarkapa, Novak"]
[Result "0-1"]
[WhiteElo "1934"]
[BlackElo "2091"]
[PlyCount "105"]
[EventDate "2007.02.19"]
[EventType "swiss"]
[EventRounds "9"]
[EventCountry "YUG"]
[SourceTitle "EXT 2008"]
[Source "ChessBase"]
[SourceDate "2007.11.25"]
[SourceVersion "1"]
[SourceVersionDate "2007.11.25"]
[SourceQuality "1"]

1. f4 d5 2. Nf3 g6 3. e3 Bg7 4. Bb5+ Bd7 5. Qe2 a6 6. Bd3 c5 7. c4 e6 8. e4 dxc4 9. Bxc4 b5 10. Bb3 Nc6 11. 0-0 Nge7 12. d3 Rc8 13. Nc3 0-0 14. Be3 Na5 15. Qf2 Nb7 16. g4 Kh8 17. e5 Bc6 18. Ng5 Nd5 19. Nce4 Nxe3 20. Qxe3 h6 21. Bxe6 fxe6 22. Nxe6 Qd7 23. Nxf8 Qxg4+ 24. Qg3 Qxg3+ 25. hxg3 Rxf8 26. Nxc5 Nxc5 27. Rac1 Nxd3 28. Rxc6 g5 29. Rd6 Nxb2 30. e6 Re8 31. f5 Bf6 32. Rd7 Kg8 33. Rf2 Nc4 34. Rh2 Ne5 35. Rxh6 Nxd7 36. exd7 Bd4+ 37. Kg2 Rd8 38. Rd6 Bc3 39. Kf3 Kf7 40. Kg4 Bf6 41. Rxa6 Rxd7 42. Ra5 b4 43. Rb5 Be7 44. Ra5 Rd4+ 45. Kh5 Rd3 46. Kg4 Ra3 47. Rb5 Rxa2 48. Rb6 Rb2 49. Kf3 b3 50. Ke4 Re2+ 51. Kf3 Rf2+ 52. Ke4 b2 53. Ke5 0-1